LEADER 01761nam1 22004213i 450 001 PUV0297299 005 20231121125612.0 100 $a20151016g19891996||||0itac50 ba 101 | $aeng$agrc 102 $ase 181 1$6z01$ai $bxxxe 182 1$6z01$an 200 1 $a˜A œcommentary on Plutarchs table talks$fby Sven-Tage Teodorsson 210 $aGoteborg, SE$cActa Universitatis Gothoburgensis 215 $a3 v.$d23 cm. 462 1$1001PUV0416963$12001 $a˜1: œBooks 1-3$fby Sven-Tage Teodorsson$v1$1700 1$aTeodorsson$b, Sven-Tage$3CFIV086578$4070 463 1$1001PUV0297304$12001 $a˜3: œBooks 7-9$fby Sven-Tage Teodorsson$v3 463 1$1001PUV0416967$12001 $a˜2: œBooks 4-6$fby Sven-Tage Teodorsson$v2 463 1$1001RML0421701$12001 $a˜2: œBooks 4-6$fby Sven-Tage Teodorsson$v2 517 1 $a˜A œcommentary on Plutarch's table talks$9PAR1195103 700 1$aTeodorsson$b, Sven-Tage$3CFIV086578$4070$0172041 702 0$aPlutarchus$3CFIV005487 790 0$aPloytarchoy$3CFIV259063$zPlutarchus 790 0$aPlutarque$3CFIV259064$zPlutarchus 790 0$aPlutarch$3CFIV259065$zPlutarchus 790 0$aPlutarth$3CFIV259066$zPlutarchus 790 0$aPlutarco$3CFIV259071$zPlutarchus 790 0$aPloutarkhos$3SBNV036198$zPlutarchus 801 3$aIT$bIT-01$c20151016 850 $aIT-RM0151 $aIT-FR0017 899 $aBiblioteca Istituto Storico Italiano Medio Evo - I$bRM0151 899 $aBiblioteca umanistica Giorgio Aprea$bFR0017 912 $aPUV0297299 950 1$aBiblioteca umanistica Giorgio Aprea$d 52MAG 2/752.1$d 52MAG 2/752.2 967 $m4 977 $a 41$a 52 996 $aCommentary on Plutarch's table talks$9557366 997 $aUNICAS LEADER 01010nam0 22002651i 450 001 UON00413101 005 20231205104749.159 100 $a20121112d1954 |0itac50 ba 101 $aeng 102 $aGB 105 $a|||| 1|||| 200 1 $aJonathan Swift$eA Critical Biography$fJohn Middleton Murry 210 $aLondon$cJonathan Cape$d1954 215 $a508 p.$d23 cm. 606 $aSWIFT JONATHAN$3UONC039713$2FI 620 $aGB$dLondon$3UONL003044 676 $a820.09$cLetteratura inglese e in antico inglese. Storia, descrizione, studi critici$v21 700 1$aMURRY$bJohn Middleton$3UONV121947$0385498 712 $aCape$3UONV251887$4650 801 $aIT$bSOL$c20240220$gRICA 899 $aSIBA - SISTEMA BIBLIOTECARIO DI ATENEO$2UONSI 912 $aUON00413101 950 $aSIBA - SISTEMA BIBLIOTECARIO DI ATENEO$dSI Angl IV B SWI MUR $eSI MR 48884 5 $sBuono 996 $aJonathan Swift$91291942 997 $aUNIOR